Entry Nombre corporativo
001 - NÚMERO DE CONTROL
- campo de control: 1941
003 - IDENTIFICADOR DEL NÚMERO DE CONTROL
- campo de control: BNPHU
005 - FECHA Y HORA DE LA ÚLTIMA TRANSACCIÓN
- campo de control: 20250219172306.0
008 - DATOS DE LONGITUD FIJA
- campo de control de longitud fija: 200615|| aca||aabn | a|a d
010 ## - NÚMERO DE CONTROL DE LA BIBLIOTECA DEL CONGRESO
- Número de control de LC: no2009157356
040 ## - FUENTE DE LA CATALOGACIÓN
- Centro catalogador/agencia de origen: DO-SdBNP
- Lengua de catalogación: spa
- Centro/agencia transcriptor: BNPHU
- Normas de descripción: rda
110 1# - ENCABEZAMIENTO-NOMBRE DE ENTIDAD CORPORATIVA
- Nombre de entidad corporativa o nombre de jurisdicción como elemento de entrada: República Dominicana.
- Unidad subordinada: Secretaría de Estado de Economía Planificación y Desarrollo
370 ## - LUGAR ASOCIADO
- Lugar de residencia/sede: República Dominicana
372 ## - CAMPO DE ACTIVIDAD
- Campo de actividad: Desarrollo económico
- Campo de actividad: Política económica
410 1# - TRAZADO DE VÉASE--NOMBRE DE ENTIDAD CORPORATIVA
- Nombre de entidad corporativa o nombre de jurisdicción como elemento de entrada: República Dominicana.
- Unidad subordinada: Economía, Planificación y Desarrollo, Secretaría de Estado de
410 2# - TRAZADO DE VÉASE--NOMBRE DE ENTIDAD CORPORATIVA
- Nombre de entidad corporativa o nombre de jurisdicción como elemento de entrada: SEEPYD
510 ## - TRAZADO DE VÉASE ADEMÁS--NOMBRE DE ENTIDAD CORPORATIVA
- Nombre de entidad corporativa o nombre de jurisdicción como elemento de entrada: República Dominicana.
- Unidad subordinada: Ministerio de Economía, Planificación y Desarrollo
- Información de relación/Frase instructiva de referencia: Sucesor
- Subcampo de control: r
670 ## - FUENTE DE DATOS ENCONTRADOS
- Cita de la fuente: Work cat.: (OSt)592: Montás, Juan Temístocles, 1950- 1940, Tres años de una gestión gubernamental exitosa /, 2007.
670 ## - FUENTE DE DATOS ENCONTRADOS
- Cita de la fuente: Madres adolescentes en República Dominicana, 2008:
- Información encontrada: portada (República Dominicana, Secretaría de Economía, Planificación y Desarrollo)
670 ## - FUENTE DE DATOS ENCONTRADOS
- Cita de la fuente: Estudio sobre el desarrollo de capacidades ... 2008:
- Información encontrada: portada (Secretaría de Estado de Economía, Planificación y Desarrollo (SEEPYD); República Dominicana)
